| 000 | 00351nam a22001217a 4500 | ||
|---|---|---|---|
| 999 |
_c2140 _d2140 |
||
| 005 | 20200909104003.0 | ||
| 008 | 200909b ||||| |||| 00| 0 eng d | ||
| 020 | _a0582033357 | ||
| 040 | _cCML | ||
| 245 |
_aVisual Elements of Art and Design. _cPalmer, F. |
||
| 260 |
_aLondon _bLongman _c1989 |
||
| 942 |
_2ddc _cBK _e1st Edition _h707 _mPAL |
||